Установки для исследования динамических процессов при резании металлов; Технология и автоматизация машиностроения; Вып. 18

Podrobná bibliografie
Parent link:Технология и автоматизация машиностроения: республиканский межведомственный научно-технический сборник
Вып. 18.— 1976.— С. 8-11
Hlavní autor: Бондарский М. А.
Další autoři: Буренников Ю. А., Козлов А. А.
Jazyk:ruština
Vydáno: 1976
Témata:
Médium: MixedMaterials Kapitola
KOHA link:https://koha.lib.tpu.ru/cgi-bin/koha/opac-detail.pl?biblionumber=593991

MARC

LEADER 00000naa0a2200000 4500
001 593991
005 20241212120405.0
035 |a (RuTPU)RU\TPU\tpu\8038 
090 |a 593991 
100 |a 20020118d1976 k||y0rusy50 ca 
101 |a rus 
102 |a RU 
200 1 |a Установки для исследования динамических процессов при резании металлов  |f М. А. Бондарский, Ю. А. Буренников, А. А. Козлов 
461 |t Технология и автоматизация машиностроения  |o республиканский межведомственный научно-технический сборник 
463 |t Вып. 18  |v С. 8-11  |d 1976 
610 1 |a резание металлов 
610 1 |a динамические процессы 
610 1 |a труды учёных ТПУ 
700 1 |a Бондарский  |b М. А. 
701 1 |a Буренников  |b Ю. А. 
701 1 |a Козлов  |b А. А. 
801 0 |a RU  |b 63413507  |c 20020118  |g PSBO 
801 2 |a RU  |b 63413507  |c 20090922  |g RCR 
942 |c CR